|
|
|
|
| LEADER |
00000naa2a2200000 4500 |
| 001 |
391518 |
| 005 |
20231101064107.0 |
| 035 |
|
|
|a (RuTPU)RU\TPU\prd\25796
|
| 090 |
|
|
|a 391518
|
| 100 |
|
|
|a 20040427a2004 k y0rusy50 ca
|
| 101 |
0 |
|
|a rus
|
| 102 |
|
|
|a RU
|
| 200 |
1 |
|
|a Автомат включения освещения с акустическим управлением
|f А. Дахнович, А. Григорьев, Ю. Муромцев
|
| 225 |
1 |
|
|a Электроника в быту
|
| 320 |
|
|
|a Библиогр.: 1 назв.
|
| 461 |
|
1 |
|0 (RuTPU)RU\TPU\prd\2494
|t Схемотехника
|o научно-технический журнал
|d 2002-2007
|
| 463 |
|
1 |
|0 (RuTPU)RU\TPU\prd\24912
|t № 3
|v С. 26-27
|d 2004
|
| 610 |
1 |
|
|a освещение
|
| 610 |
1 |
|
|a автоматы
|
| 610 |
1 |
|
|a акустическое управление
|
| 610 |
1 |
|
|a энергосбережение
|
| 610 |
1 |
|
|a таймеры
|
| 700 |
|
1 |
|a Дахнович
|b А.
|
| 701 |
|
1 |
|a Григорьев
|b А.
|
| 701 |
|
1 |
|a Муромцев
|b Ю.
|
| 801 |
|
1 |
|a RU
|b 63413507
|c 20040427
|g PSBO
|
| 801 |
|
2 |
|a RU
|b 63413507
|c 20131218
|g RCR
|
| 942 |
|
|
|c BK
|